000
00297 a2200145 4500
001
155407
040
_c
Escola São Tomás de Aquino
100
_a
FALLA, Tim
240
1
0
_a
Solutions
_l
por
245
1
0
_a
Solutions
300
_a
120
362
0
_a
2012
697
_a
Língua inglesa
942
_c
BK
999
_c
155407
_d
155407